00505nam a2200157Ia 450000500170000000800410001708200230005810000180008124500320009926000320013130000120016350000520017594200060022795200990023399900150033220250310035549.0240331s9999 xx 000 0 und d bYOG25130a894.811 aYoganathan, C 0aKanneer Vittay Valarththoam aJaffna,bJeyabharathic1978 a192 p., aA collection of short stories by C. Yoganathan. cL 001040708LaWERCLbWERCLcSSCd2024-03-31l0o 894.811 YOGp5130r2024-03-31w2024-03-31yL c4252d4252